Môi trường trong quy hoạch xây dựng
محفوظ في:
| المؤلف الرئيسي: | |
|---|---|
| مؤلف مشترك: | |
| مؤلفون آخرون: | |
| اللغة: | Undetermined |
| منشور في: |
Hà Nội
Xây dựng
2006
|
| الموضوعات: | |
| الوسوم: |
إضافة وسم
لا توجد وسوم, كن أول من يضع وسما على هذه التسجيلة!
|
| Thư viện lưu trữ: | Trung tâm Học liệu Trường Đại học Trà Vinh |
|---|
| LEADER | 00704nam a2200241Ia 4500 | ||
|---|---|---|---|
| 001 | TVU_5607 | ||
| 008 | 210423s9999 xx 000 0 und d | ||
| 041 | |a Vie | ||
| 082 | |a 581.7 | ||
| 082 | |b Th116 | ||
| 100 | |a Vũ, Trọng Thắng | ||
| 245 | 0 | |a Môi trường trong quy hoạch xây dựng | |
| 245 | 0 | |c Vũ Trọng Thắng (biên soạn) | |
| 260 | |a Hà Nội | ||
| 260 | |b Xây dựng | ||
| 260 | |c 2006 | ||
| 300 | |a 475 tr. | ||
| 300 | |c 27 cm | ||
| 504 | |a Thư mục tham khảo: tr.471-474 | ||
| 650 | |a Xây dựng; Kiến trúc và khí hậu | ||
| 700 | |a Vũ Trọng Thắng | ||
| 710 | |a Đại học Kiến trúc Hà Nội | ||
| 980 | |a Trung tâm Học liệu Trường Đại học Trà Vinh | ||